| 000 | 01008cam a22002054a 4500 | ||
|---|---|---|---|
| 005 | 20250605164232.0 | ||
| 008 | 250528s ||||||||||||||||||||||||d | ||
| 035 | _a21007 | ||
| 020 | _a9789513948801 | ||
| 040 |
_aGR-AtMCL _bgre _dGR-AtMCL _eAACR2 |
||
| 245 | 1 | _aLifelong Guidance Policy Development: A European Resource Kit | |
| 260 |
_bEuropean Lifelong Guidance Policy Network, _c2012 |
||
| 300 | _a110 | ||
| 520 | _aThis book is designed to help policy-makers and other stakeholders to review existing lifelong guidance provision within their country or region, and to identify issues requiring attention and gaps that need to be filled, drawing from practices in other European Countries. Introduction, Aims and Principles, Key Features of a Lifelong Guidance System, Career Management Skills, Access, Quality and Evidence, Co-ordination and Co-operation, Annexes. | ||
| 700 | 1 |
_aVuorinem Raimo _97027 |
|
| 700 | 1 |
_aWatts Anthony G _97028 |
|
| 942 | _cBK | ||
| 999 |
_c6084 _d6084 |
||